| 000 | 00591nam a2200169 a 4500 | ||
|---|---|---|---|
| 001 | 000048921 | ||
| 005 | 20201002061519.0 | ||
| 008 | 190502s2016 dr r 000 0 spa d | ||
| 040 |
_aDO-SdBNP _bspa _cBNPHU |
||
| 082 |
_axxxx _bM844m |
||
| 100 | 1 |
_aMoreta Batista, Rafael Guaroa _976171 |
|
| 245 | 1 | 0 |
_aMixturas de amor / _cRafael Guaroa Moreta Batista ; prólogo Juan Luciano Amadís. |
| 260 |
_aBonao, República Dominicana : _bs.n., _c2016. |
||
| 300 |
_a110 p. ; _c23 cm. |
||
| 500 | _aIncluye datos biografícos del autor en las solapas | ||
| 700 | 1 |
_aAmadés, Juan Luciano, _epról. _976358 |
|
| 999 |
_c48409 _d48409 |
||